| 000 | 00349nam a2200145Ia 4500 | ||
|---|---|---|---|
| 008 | 191201s2008 xx 000 0 und d | ||
| 082 |
_a331.8 _bSAW |
||
| 100 | _aSARMA, A.M | ||
| 245 | 0 | _aWelfare of Unorganised Labour | |
| 250 | _a1st | ||
| 260 |
_aN. Delhi _bHimalaya Publication House _c2008 |
||
| 300 | _a211 | ||
| 650 | _aBBA | ||
| 942 |
_2ddc _cBK |
||
| 999 |
_c4916 _d4916 |
||